Breve historia del Cristo de los Andes. Fruto de la paz.

Tallennettuna:
Bibliografiset tiedot
Päätekijä: León Gallardo, René Ernesto (autor)
Aineistotyyppi: Kirja
Kieli:espanja
Julkaistu: Los Andes (Valparaíso), Chile: Ediciones Santa Rosa de Los Andes, 2004.
Aiheet:
Tagit: Lisää tagi
Ei tageja, Lisää ensimmäinen tagi!

MARC

LEADER 00000cam a2200000 a 4500
001 UCJ8785
003 CL-VaPUC
005 20241022142218.0
008 070124t20040312cl |||||||||||||||||spa|d
999 |c 324437  |d 324435 
020 |a 956-299-122-9 
040 |c Pontificia Universidad Católica de Valparaíso 
082 0 4 |a 291.35 LEO 2004  |2 21 
100 |a León Gallardo, René Ernesto  |e autor  |9 603397 
245 1 0 |a Breve historia del Cristo de los Andes.   |b Fruto de la paz. 
260 |a Los Andes (Valparaíso), Chile:  |b Ediciones Santa Rosa de Los Andes,  |c 2004. 
300 |a 181 páginas: ilustraciones. 
500 |a c.5595037: Fondo Budge. Donación del Profesor Sr. Eduardo Cavieres. 05-08-2019. Contiene dedicatoria: "A Eduardo, con el mayor afecto y admiración incondicional del autor. Afectuosamente, René" Los Andes, Sept., 10, 2006. 
583 |a last modification  |c 20190809 09:30:55  |k Rodrigo Vera 
651 |a Cristo de Los Andes   |x Historia  |9 892580 
852 |a BIBCUR 
942 |c BK  |2 ddc 
945 |d 20070124 00:00:00  |a fvergara 
952 |0 0  |1 0  |4 0  |6 291_350000000000000_LEO_2004  |7 0  |8 X  |9 404550  |a FDOBUD  |b FDOBUD  |d 2019-11-22  |i 1084119  |o 291.35 LEO 2004  |p 1084119  |r 2019-11-22  |w 2019-11-22  |y BK_X  |k BUD 
952 |0 0  |1 0  |3 erb  |4 0  |6 291_350000000000000_LEO_2004  |7 0  |8 X  |9 404551  |a FDOBUD  |b FDOBUD  |i 5595037  |o 291.35 LEO 2004  |p 5595037  |r 2019-11-22  |w 2019-11-22  |y BK_X  |z Catalogado en:20190809  |k BUD